| 000 | 02079cam a22004094i 4500 | ||
|---|---|---|---|
| 003 | PE-LiUPU | ||
| 005 | 20250731173203.0 | ||
| 008 | 150625s1959 ck r 000 0 spa d | ||
| 035 | _a(Sirsi) a30507 | ||
| 040 |
_aPE-LiUPU _bspa _cPE-LiUPU _erda |
||
| 082 | 0 | 4 |
_a220 _bCH24 _221 |
| 100 | 1 |
_aChasles, M., _eautor. |
|
| 245 | 1 | 0 | _aQué es la Biblia? Por Qué Debemos Leerla?. |
| 264 | 1 |
_aBogota : _bEdiciones Paulinas, _c1959. |
|
| 300 |
_a137 páginas ; _c17 centímetros |
||
| 336 |
_atext _2rdacontent |
||
| 337 |
_aunmediated _2rdamedia |
||
| 338 |
_avolume _2rdacarrier |
||
| 505 | 0 | _aNociones generales sobre la biblia -- Que es la biblia -- Que poder hallamos en la Biblia -- Dios habla en la biblia -- La biblia, su nombre, su unidad -- Cuando se escribio la Biblia -- Como se divide la Biblia -- Las versiones de la Biblia -- Los catolicos y la Biblia I -- Los catolicos y la Biblia II -- Como leer la biblia -- Recursos auxiliares para lectura de Biblia -- Como comportarse ante ciertos textos biblicos -- Conviene aconsejar a los niños la lectura de la Biblia -- En que orden deben leerse los libros que componen la Biblia -- El don de Dios en la Biblia -- Con que espiritu debe abordarse la lectura de la Biblia -- La biblia fuente de vida interior -- Jesucristo en la Biblia -- El rollo del libro -- Jesucristo en la biblia -- El hilo rojo. | |
| 526 | _aSEG42 | ||
| 526 | _aSEG41 | ||
| 526 | _aSEG40 | ||
| 526 | _aSEG39 | ||
| 526 | _aP94 | ||
| 526 | _aP87 | ||
| 526 | _aP86 | ||
| 526 | _aP85 | ||
| 526 | _aP77 | ||
| 526 | _aP76 | ||
| 526 | _aP35 | ||
| 630 |
_aBiblia _xIntroducciones. _92045 |
||
| 942 |
_2ddc _cBOOK |
||
| 949 |
_a220 CH24 _wDEWEY _c1 _i39124 _lCCODEBUL1 _mBUL _p20.00 _r0 _sY _tBOOK _u2015-06-25 _xBIBLIOTECA _zUNKNOWN _0COMPRA _o.STAFF. Colección Teología |
||
| 596 | _a1 | ||
| 999 |
_a220 CH24 _wDEWEY _c37959 _i39124 _d37959 _e2016-4-10 _f2021-11-11 _g5 _lCCODEBUL1 _mBUL _n1 _p20.00 _r0 _sY _tBOOK _u2015-6-25 _xTEOLOGIA _PP35 _0COMPRA _o.STAFF. Colección Teología |
||
| 980 |
_81 _gALBERTO SANCHEZ Responsable de Automatización |
||